| Tag |
First Indicator |
Second Indicator |
Subfields |
| LEADER |
00000cam a2200000 4500 |
| 001 |
in00000043506 |
| 005 |
20151007072852.0 |
| 008 |
800607r1890 gw f 00010 ger d |
| 035 |
|
|
|a (OCoLC)06396497
|
| 035 |
|
|
|9 AAE8709AM
|
| 040 |
|
|
|a TXA
|c TXA
|d UtOrBLW
|
| 049 |
|
|
|a TXAM
|
| 090 |
|
|
|a QE817.D3
|b S86 1890
|
| 092 |
|
|
|a 565.3842
|b S875u
|
| 100 |
1 |
|
|a Stolley, Ernst,
|d 1869-
|
| 245 |
1 |
0 |
|a Uber zwei brachyuren aus dem mitteloligocaenen septarienthon norddeutschlands /
|c von E. Stolley ...
|
| 264 |
|
1 |
|a Kiel,
|b [publisher not identified] ;
|c 1890.
|
| 300 |
|
|
|a (151)-173 pages :
|b plates.
|
| 336 |
|
|
|a text
|b txt
|2 rdacontent
|
| 337 |
|
|
|a unmediated
|b n
|2 rdamedia
|
| 338 |
|
|
|a volume
|b nc
|2 rdacarrier
|
| 500 |
|
|
|a Caption title.
|
| 650 |
|
0 |
|a Crabs, Fossil.
|
| 999 |
|
|
|a MARS
|
| 999 |
f |
f |
|s 1e71f357-e4b6-31b0-b3ee-dc279c85905d
|i fc98be3c-2a2d-3e6c-8f60-855aa0dd5397
|t 0
|
| 952 |
f |
f |
|p ric
|a Texas A&M University
|b Rellis Campus
|c Joint Library Facility
|d Remote Storage
|t 0
|e QE817.D3 S86 1890
|h Library of Congress classification
|i unmediated -- volume
|m A14800964926
|
| 998 |
f |
f |
|a QE817.D3 S86 1890
|t 0
|l Remote Storage
|